[Event "Festival SSM A Agosto"]
[Site "Milano ITA"]
[Date "2015.07.31"]
[Round "1"]
[White "Vezzosi, Paolo"]
[Black "D'Alfonso, Nicola"]
[Result "1-0"]
[WhiteElo "2349"]
[BlackElo "2038"]
[PlyCount "69"]
[EventDate "2015.07.31"]
[SourceDate "2015.08.08"]

1. Nf3 f5 2. g3 Nf6 3. Bg2 e6 4. c4 d5 5. b3 Bd6 6. O-O Qe7 7. d4 c6 8. Ne5
Nbd7 9. Nd3 dxc4 10. bxc4 e5 11. dxe5 Nxe5 12. Nd2 O-O 13. Bb2 Ned7 14. Rc1 Ne4
15. Nxe4 fxe4 16. c5 Nxc5 17. Nxc5 Bxc5 18. Qa4 Bd6 19. Bxe4 Be6 20. Bb1 Bf5
21. e4 Bh3 22. e5 Bb4 23. Qc2 Bf5 24. Qc4+ Be6 25. Qe2 Rad8 26. Qh5 g6 27. Bxg6
hxg6 28. Qxg6+ Kh8 29. Rc4 Rd2 30. Rxb4 Qxb4 31. Qh6+ Kg8 32. Qg6+ Kh8 33. Bc1
Rd5 34. Bg5 Rxf2 35. Rxf2 1-0

[Event "Festival SSM A Agosto"]
[Site "Milano ITA"]
[Date "2015.07.31"]
[Round "1"]
[White "Botta, Massimiliano"]
[Black "Mariano, Elia"]
[Result "0-1"]
[WhiteElo "2031"]
[BlackElo "2210"]
[PlyCount "120"]
[EventDate "2015.07.31"]
[SourceDate "2015.08.08"]

1. e4 Nc6 2. Nf3 d5 3. exd5 Qxd5 4. Nc3 Qa5 5. Bc4 Bg4 6. h3 Qh5 7. Be2 O-O-O
8. d3 Nf6 9. O-O Bxf3 10. Bxf3 Qc5 11. Na4 Qd6 12. Be3 Nd4 13. Bxd4 Qxd4 14. c3
Qd6 15. Qb3 c6 16. Qxf7 b5 17. Rfe1 e5 18. Qxa7 bxa4 19. Qa6+ Kd7 20. Qb7+ Qc7
21. Bxc6+ Kd6 22. Qxc7+ Kxc7 23. Bxa4 Rxd3 24. Rxe5 Rd2 25. b4 Bd6 26. Ra5 Rb8
27. Bb3 Ne4 28. Rc1 Rf8 29. Ra7+ Kb6 30. Rxg7 Rfxf2 31. a4 Bg3 32. a5+ Kc6 33.
Ba4+ Kd6 34. Rd7+ Ke5 35. Rxd2 Rxd2 36. Bc6 Nxc3 37. Bf3 Kd4 38. Ra1 Kc4 39. a6
Nb5 40. Kf1 Rf2+ 41. Kg1 Rb2 42. Kf1 Na7 43. Rd1 Rf2+ 44. Kg1 Kxb4 45. Rd4+ Kc5
46. Rg4 Ra2 47. Rxg3 Rxa6 48. Rg7 h6 49. Kh2 Kd4 50. Kg3 Ke5 51. Kg4 Nb5 52.
Kh5 Nd4 53. Rg6 Ra3 54. Bg4 Ra2 55. g3 Ra3 56. Kh4 h5 57. Rg5+ Kf6 58. Rxh5 Ra4
59. Rh6+ Kg7 60. Kg5 Ra5+ 0-1

[Event "Festival SSM A Agosto"]
[Site "Milano ITA"]
[Date "2015.07.31"]
[Round "1"]
[White "Capone, Vincenzo"]
[Black "Corti, Massimo"]
[Result "1-0"]
[WhiteElo "2173"]
[BlackElo "1938"]
[PlyCount "63"]
[EventDate "2015.07.31"]
[SourceDate "2015.08.08"]

1. d4 Nf6 2. c4 c5 3. d5 e5 4. Nc3 d6 5. e4 Be7 6. Bd3 Nbd7 7. Be3 Nf8 8. h3
Ng6 9. Nf3 O-O 10. Qd2 Nh5 11. Ne2 f5 12. exf5 Bxf5 13. Bxf5 Rxf5 14. Ng3 Nxg3
15. fxg3 Qd7 16. Qc2 Raf8 17. O-O b5 18. b3 a6 19. Rab1 b4 20. a3 a5 21. axb4
axb4 22. Ra1 Bd8 23. Ra6 Ne7 24. Kh2 h6 25. g4 Rf4 26. Bxf4 Rxf4 27. g3 Rf8 28.
Nd2 Nc8 29. Rxf8+ Kxf8 30. Qh7 Ne7 31. Ra1 Ng8 32. Ne4 1-0

[Event "Festival SSM A Agosto"]
[Site "Milano ITA"]
[Date "2015.07.31"]
[Round "1"]
[White "Pirrello, Christian"]
[Black "Motola, Jacopo"]
[Result "0-1"]
[WhiteElo "1922"]
[BlackElo "2164"]
[PlyCount "66"]
[EventDate "2015.07.31"]
[SourceDate "2015.08.08"]

1. d4 Nf6 2. c4 g6 3. Nc3 Bg7 4. e4 d6 5. f3 O-O 6. Be3 e5 7. d5 Nbd7 8. Qd2 b6
9. O-O-O Nc5 10. g4 Ne8 11. h4 f5 12. gxf5 gxf5 13. Bh6 Bxh6 14. Qxh6 Qf6 15.
Qe3 fxe4 16. fxe4 Qf4 17. Qxf4 exf4 18. Bh3 Nf6 19. Nge2 f3 20. Nd4 Nfxe4 21.
Nxe4 Nxe4 22. Rdf1 f2 23. Bxc8 Ng3 24. Bh3 Nxh1 25. Rxh1 Rf4 26. Ne6 Rxh4 27.
Kd2 Rxh3 28. Rf1 Rf3 29. Ke2 Rf7 30. Rxf2 Rxf2+ 31. Kxf2 Rc8 32. Nd4 a6 33. b4
Re8 0-1

[Event "Festival SSM A Agosto"]
[Site "Milano ITA"]
[Date "2015.07.31"]
[Round "1"]
[White "Cazzaniga, Walter"]
[Black "Bracci, Andrea"]
[Result "1/2-1/2"]
[WhiteElo "2163"]
[BlackElo "1878"]
[PlyCount "92"]
[EventDate "2015.07.31"]
[SourceDate "2015.08.08"]

1. d4 d5 2. c4 c6 3. Nc3 Nf6 4. Nf3 dxc4 5. a4 Bf5 6. e3 e6 7. Bxc4 Bb4 8. O-O
Nbd7 9. Qe2 O-O 10. Nh4 Bg4 11. f3 Bh5 12. g4 Nd5 13. Ng2 Bg6 14. Na2 Bd6 15.
e4 N5b6 16. Bb3 Qe7 17. a5 Nc8 18. e5 Bxe5 19. dxe5 Qc5+ 20. Qe3 Qxe5 21. Nc3
Ne7 22. f4 Qxe3+ 23. Bxe3 Rfd8 24. Rad1 h5 25. f5 exf5 26. Bg5 Nf6 27. Bxf6
gxf6 28. Rde1 Rd7 29. gxh5 Bxh5 30. Nf4 Bg6 31. Nxg6 Nxg6 32. Rxf5 Rd2 33. Rf2
Rxf2 34. Kxf2 Rd8 35. Ke3 Ne5 36. Re2 Rd4 37. Bd1 Rh4 38. Rf2 Nc4+ 39. Kf3 Nxa5
40. Ne4 Nc4 41. Ng3 Ne5+ 42. Kg2 Rb4 43. Nh5 Kf8 44. b3 Nd3 45. Rf3 Nc5 46. Rg3
a5 1/2-1/2

[Event "Festival SSM A Agosto"]
[Site "Milano ITA"]
[Date "2015.07.31"]
[Round "1"]
[White "Zuliani, Francesco"]
[Black "Astengo, Corrado"]
[Result "1/2-1/2"]
[WhiteElo "1877"]
[BlackElo "2114"]
[PlyCount "71"]
[EventDate "2015.07.31"]
[SourceDate "2015.08.08"]

1. e4 c5 2. Nf3 d6 3. d4 cxd4 4. Nxd4 Nf6 5. Nc3 a6 6. Rg1 e5 7. Nb3 Be6 8. g4
h6 9. h4 Nc6 10. g5 hxg5 11. hxg5 Nd7 12. g6 fxg6 13. Nd5 Nf6 14. Bg5 Bxd5 15.
Bxf6 Qxf6 16. Qxd5 Qf7 17. Qxf7+ Kxf7 18. Bc4+ Kf6 19. O-O-O Rc8 20. Nd2 b5 21.
Bb3 Nd4 22. Rg2 Be7 23. c3 Nxb3+ 24. axb3 Rh6 25. Nf1 Rch8 26. Ne3 Kf7 27. Nd5
Rh2 28. Rg3 Rxf2 29. Nxe7 Kxe7 30. Rxg6 Rhh2 31. Rxg7+ Kf6 32. Rdg1 Rc2+ 33.
Kd1 Rcd2+ 34. Kc1 Rc2+ 35. Kd1 Rcd2+ 36. Kc1 1/2-1/2

[Event "Festival SSM A Agosto"]
[Site "Milano ITA"]
[Date "2015.07.31"]
[Round "1"]
[White "Pelizzola, Danilo"]
[Black "Colombo, Luca"]
[Result "1/2-1/2"]
[WhiteElo "2064"]
[BlackElo "1832"]
[PlyCount "116"]
[EventDate "2015.07.31"]
[SourceDate "2015.08.08"]

1. e4 c5 2. Nf3 Nc6 3. d4 cxd4 4. Nxd4 Nf6 5. Nc3 g6 6. Be3 d6 7. f3 Bg7 8. Bc4
O-O 9. Qd2 Bd7 10. O-O-O Ne5 11. Bb3 Qa5 12. g4 Rfc8 13. h4 Nc4 14. Bxc4 Rxc4
15. Kb1 Rac8 16. h5 Rxc3 17. bxc3 Be6 18. Nb3 Qc7 19. hxg6 fxg6 20. Bd4 a5 21.
g5 Nh5 22. Rxh5 gxh5 23. Bxg7 Kxg7 24. Nd4 Bd7 25. Kb2 Qb6+ 26. Kc1 Qc5 27. Kb2
a4 28. a3 e5 29. Nf5+ Bxf5 30. exf5 Rc6 31. Qd3 Rb6+ 32. Ka2 Rc6 33. f6+ Kg8
34. g6 h6 35. f7+ Kf8 36. Rd2 Qg1 37. Rd1 Qg2 38. Rb1 b6 39. Rb4 d5 40. Rxa4
Qxg6 41. Ra8+ Kxf7 42. Ra7+ Kf6 43. Qd2 Ke6 44. Kb2 Qg5 45. Qd3 Qg8 46. Rh7 Qg5
47. Qb5 Rd6 48. Qe8+ Kf5 49. Qf7+ Rf6 50. Qxd5 Qe3 51. Qd7+ Kf4 52. Qd8 Kf5 53.
Qd5 Kf4 54. Qd8 Kf5 55. Qd5 Kf4 56. Qd8 Kf5 57. Qc8+ Kf4 58. Qd8 Kf5 1/2-1/2

[Event "Festival SSM A Agosto"]
[Site "Milano ITA"]
[Date "2015.07.31"]
[Round "1"]
[White "Beltrami, Francesco"]
[Black "Bemporad, Filippo"]
[Result "0-1"]
[WhiteElo "1809"]
[BlackElo "2042"]
[PlyCount "64"]
[EventDate "2015.07.31"]
[SourceDate "2015.08.08"]

1. Nf3 d5 2. g3 Nf6 3. Bg2 g6 4. O-O Bg7 5. Ne5 O-O 6. c4 c6 7. d4 Be6 8. Qb3
Qc8 9. c5 Nbd7 10. f4 b6 11. cxb6 axb6 12. Qb4 c5 13. dxc5 bxc5 14. Qb5 Rb8 15.
Qc6 Nxe5 16. Qxc8 Rfxc8 17. fxe5 Ng4 18. Nc3 Rd8 19. Bg5 Bxe5 20. Bxe7 Bd4+ 21.
Kh1 Rd7 22. h3 Nf2+ 23. Rxf2 Bxf2 24. Rf1 Bd4 25. Bf6 Bxf6 26. Rxf6 Rxb2 27. a4
c4 28. Bf3 Rb3 29. Nb5 c3 30. Nd4 Rb2 31. Bg4 Bxg4 32. hxg4 c2 0-1

[Event "Festival SSM A Agosto"]
[Site "Milano ITA"]
[Date "2015.08.01"]
[Round "2"]
[White "Motola, Jacopo"]
[Black "Vezzosi, Paolo"]
[Result "0-1"]
[WhiteElo "2164"]
[BlackElo "2349"]
[PlyCount "82"]
[EventDate "2015.07.31"]
[SourceDate "2015.08.08"]

1. Nf3 Nf6 2. g3 d5 3. Bg2 c6 4. b3 Bg4 5. Bb2 Nbd7 6. O-O e6 7. d3 Be7 8. Nbd2
O-O 9. c4 a5 10. a3 Qb6 11. Qc2 Rfd8 12. e3 h6 13. h3 Bf5 14. e4 dxe4 15. dxe4
Bh7 16. Rfe1 Nh5 17. Nf1 Nc5 18. Re3 Rd7 19. Ne5 Rd6 20. Qe2 Nf6 21. Nxf7 Kxf7
22. e5 Rd3 23. exf6 gxf6 24. Rxd3 Bxd3 25. Qh5+ Bg6 26. Qxh6 Qxb3 27. Bd4 Rd8
28. Be3 Qxc4 29. Rc1 Qb5 30. Nh2 Nd3 31. Rd1 Qh5 32. Qxh5 Bxh5 33. Rb1 Rd7 34.
a4 Nc5 35. g4 Bg6 36. Rc1 Nxa4 37. Ra1 Bc2 38. Ra2 Bb3 39. Rd2 Rxd2 40. Bxd2
Bb4 41. Bxb4 axb4 0-1

[Event "Festival SSM A Agosto"]
[Site "Milano ITA"]
[Date "2015.08.01"]
[Round "2"]
[White "Mariano, Elia"]
[Black "Capone, Vincenzo"]
[Result "1-0"]
[WhiteElo "2210"]
[BlackElo "2173"]
[PlyCount "45"]
[EventDate "2015.07.31"]
[SourceDate "2015.08.08"]

1. d4 Nf6 2. Nc3 d5 3. Bg5 Bf5 4. f3 c6 5. e4 dxe4 6. Bxf6 exf6 7. fxe4 Be6 8.
Nf3 Nd7 9. Qd2 Bb4 10. Bd3 O-O 11. O-O Re8 12. a3 Bf8 13. Ne2 c5 14. c3 Nb6 15.
d5 Bg4 16. Qf4 Bxf3 17. Rxf3 c4 18. Bc2 Nxd5 19. exd5 Rxe2 20. Bxh7+ Kxh7 21.
Rh3+ Kg8 22. Qh4 Bc5+ 23. Kh1 1-0

[Event "Festival SSM A Agosto"]
[Site "Milano ITA"]
[Date "2015.08.01"]
[Round "2"]
[White "Bemporad, Filippo"]
[Black "Cazzaniga, Walter"]
[Result "0-1"]
[WhiteElo "2042"]
[BlackElo "2163"]
[PlyCount "52"]
[EventDate "2015.07.31"]
[SourceDate "2015.08.08"]

1. d4 Nf6 2. Nf3 g6 3. c4 Bg7 4. Nc3 O-O 5. e4 d6 6. Be2 Bg4 7. Ng1 Bxe2 8.
Ngxe2 Nc6 9. O-O Nd7 10. Bg5 h6 11. Be3 e5 12. Qd2 Kh7 13. dxe5 Ndxe5 14. b3
Ng4 15. Bf4 f5 16. exf5 Rxf5 17. Rad1 Qf8 18. Nd5 Rf7 19. Bg3 Re8 20. Nec3 Nd4
21. f3 Ne5 22. Kh1 c5 23. Ne4 Nexf3 24. gxf3 Rxf3 25. Nef6+ Bxf6 26. Kg2 Bg5
0-1

[Event "Festival SSM A Agosto"]
[Site "Milano ITA"]
[Date "2015.08.01"]
[Round "2"]
[White "Astengo, Corrado"]
[Black "Pelizzola, Danilo"]
[Result "1/2-1/2"]
[WhiteElo "2114"]
[BlackElo "2064"]
[PlyCount "45"]
[EventDate "2015.07.31"]
[SourceDate "2015.08.08"]

1. e4 e5 2. Nf3 Nc6 3. d4 exd4 4. Bc4 Bc5 5. c3 Nf6 6. e5 Ne4 7. cxd4 Bb4+ 8.
Nbd2 d5 9. Be2 O-O 10. O-O Ba5 11. Nb3 Bb6 12. a4 a5 13. Be3 f6 14. exf6 Qxf6
15. Nc5 Nb4 16. Nxe4 dxe4 17. Ng5 Qe7 18. Bc4+ Kh8 19. Qb3 h6 20. Nf7+ Kh7 21.
Ne5 Bf5 22. Rad1 Ba7 23. Be2 1/2-1/2

[Event "Festival SSM A Agosto"]
[Site "Milano ITA"]
[Date "2015.08.01"]
[Round "2"]
[White "Bracci, Andrea"]
[Black "Zuliani, Francesco"]
[Result "0-1"]
[WhiteElo "1878"]
[BlackElo "1877"]
[PlyCount "62"]
[EventDate "2015.07.31"]
[SourceDate "2015.08.08"]

1. e4 d5 2. exd5 Nf6 3. Bb5+ c6 4. dxc6 Nxc6 5. Nf3 Bg4 6. h3 Bh5 7. Nc3 Rc8 8.
g4 Bg6 9. Ne5 Qd4 10. Nxg6 hxg6 11. Qf3 a6 12. Bxc6+ Rxc6 13. O-O e5 14. d3 Be7
15. Be3 Qd7 16. Rad1 Kf8 17. d4 e4 18. Qg2 b5 19. f3 Qc7 20. fxe4 b4 21. Bf4
Qc8 22. e5 Nxg4 23. e6 bxc3 24. Bd6 Rxd6 25. Rxf7+ Ke8 26. d5 Qxe6 27. dxe6
Rxd1+ 28. Rf1 Bc5+ 29. Kh1 Rxf1+ 30. Qxf1 Rxh3+ 31. Kg2 Ne3+ 0-1

[Event "Festival SSM A Agosto"]
[Site "Milano ITA"]
[Date "2015.08.01"]
[Round "2"]
[White "Colombo, Luca"]
[Black "Botta, Massimiliano"]
[Result "0-1"]
[WhiteElo "1832"]
[BlackElo "2031"]
[PlyCount "58"]
[EventDate "2015.07.31"]
[SourceDate "2015.08.08"]

1. e4 e5 2. Nf3 Nc6 3. Bb5 f5 4. d3 fxe4 5. dxe4 Nf6 6. O-O Bc5 7. Nc3 d6 8.
Bg5 O-O 9. Bc4+ Kh8 10. Nd5 Be6 11. Bb3 Qd7 12. Nxf6 gxf6 13. Bh6 Rg8 14. Bxe6
Qxe6 15. Be3 Qg4 16. g3 Qxe4 17. Bxc5 dxc5 18. Re1 Qg4 19. c3 Rad8 20. Qe2 e4
21. Qxe4 f5 22. Qxg4 fxg4 23. Nh4 Rd2 24. Rab1 Rf8 25. Rf1 Ne5 26. f4 gxf3 27.
Rbd1 f2+ 28. Kg2 Rxd1 29. Rxd1 Nc4 0-1

[Event "Festival SSM A Agosto"]
[Site "Milano ITA"]
[Date "2015.08.01"]
[Round "2"]
[White "D'Alfonso, Nicola"]
[Black "Pirrello, Christian"]
[Result "1-0"]
[WhiteElo "2038"]
[BlackElo "1922"]
[PlyCount "87"]
[EventDate "2015.07.31"]
[SourceDate "2015.08.08"]

1. d4 Nf6 2. e3 g6 3. b3 Bg7 4. Bb2 O-O 5. Nf3 d6 6. Be2 Nbd7 7. h3 c6 8. O-O
Qc7 9. c4 e5 10. Nc3 Re8 11. Qd2 e4 12. Nh2 Nf8 13. d5 c5 14. Nb5 Qe7 15. Bc3
a6 16. Na3 N8d7 17. Qb2 Ne5 18. Rad1 Nfd7 19. Nc2 Qg5 20. Kh1 f5 21. f4 exf3
22. Nxf3 Nxf3 23. Bxg7 Nfe5 24. Bxe5 Nxe5 25. b4 b6 26. bxc5 bxc5 27. Qb6 Qf6
28. Rb1 Re7 29. Qa5 Rb7 30. Rxb7 Bxb7 31. Qc7 Bc8 32. Rb1 Nf7 33. Qc6 Qc3 34.
Qxa8 Qxc2 35. Qxc8+ Kg7 36. Rb7 Qc1+ 37. Kh2 Qxe3 38. Qe6 Qf4+ 39. Kg1 Qd4+ 40.
Kf1 Qa1+ 41. Kf2 Qd4+ 42. Qe3 Qh4+ 43. Kf1 Qf6 44. Bd3 1-0

[Event "Festival SSM A Agosto"]
[Site "Milano ITA"]
[Date "2015.08.01"]
[Round "2"]
[White "Corti, Massimo"]
[Black "Beltrami, Francesco"]
[Result "1-0"]
[WhiteElo "1938"]
[BlackElo "1809"]
[PlyCount "73"]
[EventDate "2015.07.31"]
[SourceDate "2015.08.08"]

1. d4 Nf6 2. c4 e6 3. g3 Bb4+ 4. Bd2 Bxd2+ 5. Nxd2 c5 6. Ngf3 b6 7. Bg2 Bb7 8.
O-O cxd4 9. Nxd4 Bxg2 10. Kxg2 O-O 11. e4 d6 12. Re1 Qd7 13. N2f3 Nc6 14. Nb5
Rfd8 15. Qe2 a6 16. Nc3 Qc7 17. Rac1 Qb7 18. Rcd1 h6 19. Rd2 Rd7 20. Red1 Rad8
21. Kg1 Ng4 22. Ne1 Nf6 23. Nc2 Ne7 24. Nb4 a5 25. Nc2 Nc8 26. Nd4 Na7 27. b3
d5 28. cxd5 exd5 29. e5 Ne4 30. Nxe4 dxe4 31. Qg4 h5 32. Qg5 Nb5 33. Nxb5 Rxd2
34. Rxd2 Rxd2 35. Qxd2 Qc6 36. Nd6 Qd7 37. Nxe4 1-0

[Event "Festival SSM A Agosto"]
[Site "Milano ITA"]
[Date "2015.08.02"]
[Round "3"]
[White "Vezzosi, Paolo"]
[Black "Mariano, Elia"]
[Result "1-0"]
[WhiteElo "2349"]
[BlackElo "2210"]
[PlyCount "63"]
[EventDate "2015.07.31"]
[SourceDate "2015.08.08"]

1. e4 e6 2. d4 d5 3. e5 c5 4. c3 Nc6 5. Nf3 Nh6 6. Bd3 Nf5 7. O-O cxd4 8. Bxf5
exf5 9. cxd4 Be7 10. b3 O-O 11. Ba3 Nb4 12. Qd2 Qa5 13. Ne1 Qb6 14. Nd3 a5 15.
Nf4 Be6 16. Nc3 Rfc8 17. Rac1 Qd8 18. Na4 h6 19. Nc5 Bxc5 20. dxc5 Nc6 21. Rfd1
Qd7 22. Bb2 Rd8 23. Bd4 Qe7 24. Rc3 Rac8 25. Rdc1 Rc7 26. Rg3 Qh4 27. f3 Kh7
28. Bf2 Qe7 29. Nh5 Rg8 30. Re1 d4 31. h4 Qxc5 32. Rxg7+ 1-0

[Event "Festival SSM A Agosto"]
[Site "Milano ITA"]
[Date "2015.08.02"]
[Round "3"]
[White "Cazzaniga, Walter"]
[Black "Zuliani, Francesco"]
[Result "1/2-1/2"]
[WhiteElo "2163"]
[BlackElo "1877"]
[PlyCount "134"]
[EventDate "2015.07.31"]
[SourceDate "2015.08.08"]

1. d4 d5 2. c4 c6 3. Nc3 dxc4 4. Nf3 Nf6 5. a4 Bf5 6. e3 e6 7. Bxc4 Bb4 8. O-O
Nbd7 9. Qe2 O-O 10. Nh4 Nb6 11. Nxf5 exf5 12. Bd3 g6 13. a5 Nbd5 14. Nxd5 cxd5
15. a6 b6 16. Bd2 Qe7 17. Rfc1 Rac8 18. g3 Ne4 19. Be1 Bd6 20. Bb5 Rc7 21. Rc6
Rxc6 22. Bxc6 Nf6 23. Rc1 f4 24. gxf4 Bxf4 25. Qf3 Bh6 26. Bb7 Rd8 27. Qg3 Nh5
28. Rc7 Qe4 29. Qe5 Qb1 30. Kf1 Qd3+ 31. Kg2 Qe2 32. Bxd5 Bg7 33. Qe7 Rf8 34.
Qb4 Qg4+ 35. Kf1 Qf5 36. Qc4 Nf6 37. Bxf7+ Kh8 38. Be6 Qf3 39. Rc8 Ne4 40.
Rxf8+ Bxf8 41. Bd5 Qh3+ 42. Ke2 Qg4+ 43. f3 Qg2+ 44. Kd3 Nd6 45. Qc2 Qg5 46. e4
Qf4 47. Qe2 Qc1 48. Bg3 Qb1+ 49. Ke3 Bh6+ 50. f4 Qg1+ 51. Qf2 Qc1+ 52. Kf3 Qh1+
53. Kg4 Nxe4 54. Qf3 Nf6+ 55. Kh3 Qb1 56. Be6 Bf8 57. f5 g5 58. Be5 Be7 59. d5
Kg7 60. Qe2 Kh6 61. d6 Bd8 62. Kg2 Nh5 63. Qf3 Qc2+ 64. Kh3 Nf6 65. Bxf6 Bxf6
66. b3 Be5 67. Kg4 Qxh2 1/2-1/2

[Event "Festival SSM A Agosto"]
[Site "Milano ITA"]
[Date "2015.08.02"]
[Round "3"]
[White "Capone, Vincenzo"]
[Black "Bemporad, Filippo"]
[Result "1-0"]
[WhiteElo "2173"]
[BlackElo "2042"]
[PlyCount "55"]
[EventDate "2015.07.31"]
[SourceDate "2015.08.08"]

1. d4 Nf6 2. c4 e6 3. g3 Bb4+ 4. Bd2 Be7 5. Bg2 d5 6. Nc3 O-O 7. Qb3 c6 8. Bg5
b6 9. Nf3 Bb7 10. O-O Nbd7 11. cxd5 Nxd5 12. Bxe7 Qxe7 13. e4 N5f6 14. Rfe1
Rfd8 15. Rad1 e5 16. h3 exd4 17. Nxd4 Nc5 18. Qc2 Qe5 19. f4 Qe7 20. e5 Nh5 21.
Qf2 g6 22. g4 Ng7 23. f5 Qg5 24. b4 Na6 25. Ne4 Qe7 26. f6 Qxe5 27. fxg7 Kxg7
28. Nc5 1-0

[Event "Festival SSM A Agosto"]
[Site "Milano ITA"]
[Date "2015.08.02"]
[Round "3"]
[White "Botta, Massimiliano"]
[Black "Motola, Jacopo"]
[Result "1/2-1/2"]
[WhiteElo "2031"]
[BlackElo "2164"]
[PlyCount "37"]
[EventDate "2015.07.31"]
[SourceDate "2015.08.08"]

1. e4 c5 2. Nf3 e6 3. Nc3 a6 4. Be2 d6 5. O-O Nf6 6. Re1 Be7 7. e5 dxe5 8. Nxe5
O-O 9. Bf3 Qc7 10. d4 Rd8 11. d5 exd5 12. Bf4 d4 13. Ng6 Bd6 14. Ne7+ Qxe7 15.
Rxe7 Bxe7 16. Na4 Nbd7 17. Bc7 Re8 18. c3 dxc3 19. Nxc3 1/2-1/2

[Event "Festival SSM A Agosto"]
[Site "Milano ITA"]
[Date "2015.08.02"]
[Round "3"]
[White "D'Alfonso, Nicola"]
[Black "Astengo, Corrado"]
[Result "0-1"]
[WhiteElo "2038"]
[BlackElo "2114"]
[PlyCount "98"]
[EventDate "2015.07.31"]
[SourceDate "2015.08.08"]

1. d4 d5 2. e3 Nf6 3. Bd3 g6 4. f4 Bg7 5. Nf3 c5 6. c3 Nc6 7. Nbd2 O-O 8. O-O
b6 9. Qe2 Qc7 10. a3 a5 11. b3 Bb7 12. Bb2 cxd4 13. cxd4 Rac8 14. Rac1 Qb8 15.
Ne5 e6 16. Qf3 Qd6 17. Qh3 Ne7 18. g4 Ne4 19. Bxe4 dxe4 20. Ndc4 Qd8 21. g5 b5
22. Nd2 Bxe5 23. fxe5 Nf5 24. Bc3 Qxg5+ 25. Kf2 f6 26. Rg1 Qh4+ 27. Qxh4 Nxh4
28. Bxa5 fxe5+ 29. Ke2 Nf3 30. Nxf3 exf3+ 31. Kf2 e4 32. Bb4 Rfe8 33. Bd6 Bd5
34. b4 Bc4 35. Rg5 Kf7 36. Rc5 Rxc5 37. bxc5 Ra8 38. c6 Ke8 39. Rc3 Kd8 40. Bg3
Kc8 41. Ke1 g5 42. Be5 h5 43. Kf2 g4 44. Bf4 Ra7 45. Bg3 h4 46. Bxh4 Kc7 47.
Bg3+ Kxc6 48. Be5 Kd5 49. Bf4 b4 0-1

[Event "Festival SSM A Agosto"]
[Site "Milano ITA"]
[Date "2015.08.02"]
[Round "3"]
[White "Pelizzola, Danilo"]
[Black "Corti, Massimo"]
[Result "1/2-1/2"]
[WhiteElo "2064"]
[BlackElo "1938"]
[PlyCount "127"]
[EventDate "2015.07.31"]
[SourceDate "2015.08.08"]

1. e4 e6 2. d4 d5 3. exd5 exd5 4. Nf3 Bd6 5. Bd3 Ne7 6. Bg5 Nbc6 7. c3 Bg4 8.
Nbd2 Qd7 9. Qc2 O-O-O 10. O-O-O f6 11. Bh4 Bf5 12. Bg3 Bxd3 13. Qxd3 Qf5 14.
Qxf5+ Nxf5 15. Bxd6 Nxd6 16. Rde1 Rhe8 17. Rxe8 Rxe8 18. Re1 Rxe1+ 19. Nxe1 Nd8
20. Nd3 b6 21. Nf4 c6 22. Nf1 Kd7 23. Ne3 Ne6 24. Nd3 Ng5 25. Kd1 Ne6 26. Ke2
Ng5 27. f3 Ne6 28. Kf2 Ng5 29. Kg3 Ne6 30. h4 Nd8 31. h5 N8f7 32. Kf2 Nh6 33.
g4 Nhf7 34. Nf4 Ng5 35. Ne2 Ke6 36. Nf4+ Kd7 37. Ke2 Ne6 38. Nh3 Ke7 39. Kd3
Kd7 40. b3 b5 41. b4 Ke7 42. Ng2 Nc4 43. Ne3 Nd6 44. Ng2 Nc4 45. Ngf4 Nxf4+ 46.
Nxf4 Kf7 47. Ke2 Nb2 48. Ng2 Nc4 49. Nf4 Nb2 50. Kd2 Nc4+ 51. Ke1 Nb2 52. Ke2
Na4 53. Kd2 Nb2 54. Ng2 Nc4+ 55. Ke2 Ke6 56. Nh4 Nd6 57. Ke3 Kf7 58. Nf5 Nxf5+
59. gxf5 h6 60. Kd2 Ke7 61. Kc2 Kd7 62. Kb3 Kc7 63. a4 a6 64. a5 1/2-1/2

[Event "Festival SSM A Agosto"]
[Site "Milano ITA"]
[Date "2015.08.02"]
[Round "3"]
[White "Bracci, Andrea"]
[Black "Colombo, Luca"]
[Result "1-0"]
[WhiteElo "1878"]
[BlackElo "1832"]
[PlyCount "79"]
[EventDate "2015.07.31"]
[SourceDate "2015.08.08"]

1. e4 c5 2. Nf3 Nc6 3. d4 cxd4 4. Nxd4 Nf6 5. Nc3 d6 6. Bg5 g6 7. Bxf6 exf6 8.
Qd2 Be6 9. O-O-O Rc8 10. Kb1 a6 11. f4 Qb6 12. Nxc6 Qxc6 13. Bd3 Bh6 14. Qf2
O-O 15. f5 Bc4 16. Bxc4 Qxc4 17. Nd5 Kh8 18. Nb6 Qxe4 19. Nxc8 Rxc8 20. Rhe1
Qb4 21. Qd4 Qb5 22. Qd5 Qa4 23. Qxf7 Qxc2+ 24. Ka1 Bc1 25. Qxf6+ Kg8 26. fxg6
hxg6 27. Rf1 Kh7 28. Qd4 Rc7 29. h4 Bh6 30. h5 Bg7 31. hxg6+ Kxg6 32. Qxd6+ Kh7
33. Rh1+ Kg8 34. Qd8+ Kf7 35. Rhf1+ Kg6 36. Qe8+ Kh7 37. Rh1+ Bh6 38. Rd7+ Rxd7
39. Qxd7+ Kg8 40. Qe6+ 1-0

[Event "Festival SSM A Agosto"]
[Site "Milano ITA"]
[Date "2015.08.02"]
[Round "3"]
[White "Beltrami, Francesco"]
[Black "Pirrello, Christian"]
[Result "1/2-1/2"]
[WhiteElo "1809"]
[BlackElo "1922"]
[PlyCount "113"]
[EventDate "2015.07.31"]
[SourceDate "2015.08.08"]

1. Nf3 d5 2. g3 c5 3. Bg2 Nc6 4. d4 e6 5. O-O Nf6 6. b3 Be7 7. Bb2 O-O 8. Nbd2
b6 9. c4 Bb7 10. Re1 Ne4 11. dxc5 Bxc5 12. Nxe4 dxe4 13. Ne5 Bxf2+ 14. Kxf2
Qf6+ 15. Kg1 Nxe5 16. Qd4 Ng4 17. Qxf6 Nxf6 18. Rf1 Nd7 19. Rad1 Rad8 20. Rd4
Nb8 21. Rfd1 Nc6 22. Rd6 Rxd6 23. Rxd6 Rd8 24. Rxd8+ Nxd8 25. Kf2 f5 26. Ke3
Kf7 27. g4 g5 28. Bc3 f4+ 29. Kf2 e3+ 30. Kf1 Bxg2+ 31. Kxg2 Nc6 32. b4 e5 33.
Kf3 Nd4+ 34. Bxd4 exd4 35. Ke4 Ke6 36. Kxd4 Kd6 37. a3 a6 38. Ke4 Ke7 39. Kd4
a5 40. Ke4 Ke6 41. Kd4 Kf6 42. Ke4 axb4 43. axb4 Kf7 44. Kd4 Ke8 45. Ke4 Kd8
46. Kd4 Kc7 47. Ke4 b5 48. c5 Kd7 49. Kd4 Ke6 50. Ke4 Ke7 51. Kd4 Ke8 52. Ke4
Kd8 53. Kd4 Kc8 54. Ke4 Kb8 55. Kd4 Ka8 56. Ke4 Ka7 57. Kd4 1/2-1/2

[Event "Festival SSM A Agosto"]
[Site "Milano ITA"]
[Date "2015.08.02"]
[Round "4"]
[White "Astengo, Corrado"]
[Black "Vezzosi, Paolo"]
[Result "1/2-1/2"]
[WhiteElo "2114"]
[BlackElo "2349"]
[PlyCount "172"]
[EventDate "2015.07.31"]
[SourceDate "2015.08.08"]

1. e4 c5 2. Nf3 d6 3. d4 cxd4 4. Nxd4 Nf6 5. Nc3 a6 6. Bg5 Nbd7 7. f4 Qb6 8.
Bxf6 Nxf6 9. Qd2 e5 10. Nb3 Be7 11. f5 Bd7 12. O-O-O Bc6 13. Bd3 O-O-O 14. Qe2
d5 15. exd5 Nxd5 16. Nxd5 Bxd5 17. Bc4 Bxc4 18. Qxc4+ Qc7 19. Qg4 Bf6 20. Rhe1
h5 21. Qe4 h4 22. h3 Bg5+ 23. Kb1 Bf4 24. Nc1 Rxd1 25. Rxd1 Rd8 26. Rd3 Bxc1
27. Kxc1 Rxd3 28. Qxd3 Qc6 29. Qe2 Qh6+ 30. Kb1 Qf4 31. Qd3 Qd4 32. Qf1 Kd7 33.
b3 Qe4 34. Qf2 Ke7 35. a4 Kf6 36. a5 Kg5 37. g3 hxg3 38. Qxg3+ Kf6 39. Qf2 Qh1+
40. Kb2 Qd5 41. c4 Qxa5 42. Qh4+ Kxf5 43. Qg4+ Kf6 44. Qf3+ Ke6 45. Qg4+ Ke7
46. Qxg7 Qd2+ 47. Ka3 Qd6+ 48. Ka2 e4 49. h4 Qh2+ 50. Ka3 Qxh4 51. Qe5+ Kf8 52.
Qb8+ Kg7 53. Qxb7 e3 54. Qg2+ Kh6 55. c5 a5 56. c6 Qb4+ 57. Kb2 Qd4+ 58. Kc2 f5
59. Qh2+ Kg6 60. c7 Qc5+ 61. Kd3 Qd5+ 62. Kc3 Qc6+ 63. Kd3 Qe4+ 64. Kc3 e2 65.
Qg3+ Kf7 66. Kd2 e1=Q+ 67. Qxe1 Qf4+ 68. Kd3 Qxc7 69. Qh4 Qd6+ 70. Kc2 Qc6+ 71.
Kd3 Qd5+ 72. Kc3 Qe5+ 73. Kd3 Kg6 74. Qh1 f4 75. Qc6+ Kg5 76. Qg2+ Kf6 77. Qc6+
Qe6 78. Qc3+ Qe5 79. Qc6+ Qe6 80. Qc3+ Kg6 81. Qxa5 Qxb3+ 82. Ke2 Qe3+ 83. Kf1
f3 84. Qb5 Kf6 85. Qf5+ Ke7 86. Qf8+ Kxf8 1/2-1/2

[Event "Festival SSM A Agosto"]
[Site "Milano ITA"]
[Date "2015.08.02"]
[Round "4"]
[White "Mariano, Elia"]
[Black "Cazzaniga, Walter"]
[Result "1-0"]
[WhiteElo "2210"]
[BlackElo "2163"]
[PlyCount "57"]
[EventDate "2015.07.31"]
[SourceDate "2015.08.08"]

1. d4 d5 2. Nc3 e6 3. Nf3 Nf6 4. Bg5 Be7 5. e3 O-O 6. Ne5 b6 7. f4 Bb7 8. Bxf6
Bxf6 9. Qf3 Bxe5 10. fxe5 f6 11. Qh3 f5 12. O-O-O Ba6 13. g4 f4 14. e4 c6 15.
g5 Qe7 16. Qg4 Bxf1 17. Rhxf1 b5 18. Rxf4 Rxf4 19. Qxf4 b4 20. Ne2 Nd7 21. Ng3
a5 22. Qg4 a4 23. g6 hxg6 24. Qxg6 Nf8 25. Qg4 a3 26. b3 Nh7 27. h4 Rf8 28. Nh5
Kh8 29. Nf4 1-0